| 000 | 01135nmm a2200421 a 4500 | ||
|---|---|---|---|
| 003 | AR-BaBNM | ||
| 005 | 20251128204801.0 | ||
| 008 | 126019s1977 ||||||||||||||000 | spa|| | ||
| 040 | _cAR-BaBNM | ||
| 245 | 1 | 0 | _aPoesía gauchesca |
| 260 |
_aCaracas _bBiblioteca Ayacucho _c1977 |
||
| 300 | 0 |
_a484 p. _bcuadros |
|
| 500 | 1 | _aContiene notas de Rivera, Jorge B. | |
| 500 | 0 | _aGlosario en p. 385-393 | |
| 500 | 0 | _aCronología en p. 395-477 | |
| 504 | _aBibliografía en p. 481-484 | ||
| 650 | 4 | _aNACIONALISMO | |
| 650 | 4 | _aLITERATURA ARGENTINA | |
| 650 | 4 | _aRECURSOS LINGUISTICOS | |
| 650 | 4 | _aANTOLOGIAS | |
| 650 | 4 | _aPOESIAS | |
| 650 | 4 | _aMARGINALIDAD SOCIAL | |
| 653 | 0 | _aGAUCHOS | |
| 653 | 0 | _aLITERATURA GAUCHESCA | |
| 653 | 0 | _aPOESIA PATRIOTICA | |
| 653 | 0 | _aPOESIA NARRATIVA | |
| 653 | 0 | _aEPICA | |
| 655 | _aLITERATURA | ||
| 700 | 1 | _aHidalgo, Bartolomé | |
| 700 | 1 | _aPérez, Luis | |
| 700 | 1 | _aAraucho, Manuel de | |
| 700 | 1 | _aAscasubi, Hilario | |
| 700 | 1 | _aCampo, Estanislao del | |
| 700 | 1 | _aHernández, José | |
| 700 | 1 |
_aRivera, Jorge B. _ecoordinador |
|
| 942 | _cBK | ||
| 998 | _cisola | ||
| 999 |
_c8811 _d8811 |
||